000 00543nam a2200205 a 4500
005 20221021063444.0
008 030527s2002 mx r 000 0 spa d
020 _a9681908767
035 _aUPN01000124718
049 _aCG
050 4 _aBJ1432
_bS2.78
100 1 _aSassier, Philippe
245 1 0 _aTolerancia, ¿para qué? /
_cPhilippe Sassier.
260 _aMéxico :
_bTaurus,
_c2002.
300 _a203 p.
440 0 _aPensamiento
534 _pTraducción de:
_tPourquoi la tolerance
650 2 _aTolerancia
_91399
905 _aLibro
999 _c96897
_d96897